000 00592cam a22002052 4500
001 0000011919
005 20151217145853.0
008 090120s xx 000 0 eng d
020 _a1855391465 :
040 _aKABU
_cKABU
100 1 _aSallis, Joan.
_@0000167984
245 1 0 _aQuestions school governors ask /
_cJoan Sallis.
250 _a1st ed.
260 _aStafford :
_bNEP,
_c2004.
300 _aix, 123 p.
650 0 _aSchool management and organization
_zEngland.
_@0000167985
852 1 _9p1499 KEs
908 _a090120
950 _@1
999 _c3511
_d3511